000
00287nam a2200133Ia 4500
008
231017s9999 xx 000 0 und d
082
_a
624.25
082
_b
MAS
245
0
_a
Seismic bridge design applications
245
0
_c
FHWA
260
_b
FHWA
300
_c
30cm
942
_c
REP
999
_c
605657
_d
605657